Truyện ngắn hay 1997

Gespeichert in:
Bibliographische Detailangaben
Format: Buch
Sprache:Undetermined
Veröffentlicht: Hà Nội Hội Nhà Văn 1998
Schlagworte:
Tags: Tag hinzufügen
Keine Tags, Fügen Sie den ersten Tag hinzu!
Thư viện lưu trữ: Trung tâm Học liệu Trường Đại học Cần Thơ
LEADER 00462nam a2200145Ia 4500
001 CTU_22401
008 210402s9999 xx 000 0 und d
082 |a 895.922301 
082 |b Tr527/1997 
245 0 |a Truyện ngắn hay 1997 
260 |a Hà Nội 
260 |b Hội Nhà Văn 
260 |c 1998 
650 |a short stories, vietnamese,vietnamese literature - 20th century - collections 
980 |a Trung tâm Học liệu Trường Đại học Cần Thơ